[Event "Kimry op 51st"]
[Site "Kimry"]
[Date "2010.04.20"]
[Round "7"]
[White "Nefedov, Dmitriy"]
[Black "Zarodov, Alexandr"]
[Result "1-0"]
[WhiteElo "2133"]
[BlackElo "1946"]
[PlyCount "141"]
[EventDate "2010.04.17"]
[EventType "swiss"]
[EventRounds "8"]
[EventCountry "RUS"]
[SourceTitle "CBM 136 Extra"]
[Source "ChessBase"]
[SourceDate "2010.07.02"]
[SourceVersion "2"]
[SourceVersionDate "2010.07.15"]
[SourceQuality "1"]

1. c4 e6 2. Nf3 d5 3. e3 Nf6 4. Nc3 g6 5. a3 Bg7 6. Be2 b6 7. cxd5 Nxd5 8. d4 Nxc3 9. bxc3 Bb7 10. 0-0 0-0 11. a4 Nd7 12. Qb3 Nf6 13. Ba3 Re8 14. Rfd1 Bf8 15. Bb2 Qd5 16. c4 Qf5 17. Ne5 h5 18. f3 h4 19. e4 Qg5 20. Bc1 Qh5 21. Ra2 Qh8 22. c5 Rab8 23. Bb5 Red8 24. cxb6 cxb6 25. Be3 h3 26. gxh3 Qxh3 27. Rg2 Bd6 28. Bf1 Qh5 29. Rg5 Qh7 30. Rxg6+ fxg6 31. Qxe6+ Kg7 32. Qf7+ Kh8 33. Qxf6+ Qg7 34. Nf7+ Kg8 35. Qxg7+ Kxg7 36. Nxd8 Rxd8 37. Rc1 Rh8 38. e5 Bb8 39. Kg2 Bc8 40. Kg3 Bd7 41. Bb5 Bf5 42. Bg5 Rf8 43. f4 Rc8 44. Rxc8 Bxc8 45. d5 Kf7 46. e6+ Bxe6 47. dxe6+ Kxe6 48. Bd3 Kf7 49. Kf3 Bd6 50. Ke4 a5 51. Bc4+ Kg7 52. Kd5 Bc5 53. Ke6 Be3 54. h3 Bd2 55. Bf6+ Kh6 56. Bd4 Bxf4 57. Bxb6 Bd2 58. Kd5 Kg5 59. Kc6 Kf6 60. Kb5 Ke7 61. Bxa5 Bf4 62. Kc6 g5 63. Bb6 g4 64. hxg4 Kf6 65. a5 Bd2 66. a6 Bc3 67. a7 Bd4 68. Bxd4+ Ke7 69. Bd3 Kd8 70. Bc5 Ke8 71. Bg6+ 1-0

[Event "Kimry op 51st"]
[Site "Kimry"]
[Date "2010.04.20"]
[Round "8"]
[White "Zarodov, Alexandr"]
[Black "Doronine, Vladimir"]
[Result "1-0"]
[WhiteElo "1946"]
[BlackElo "1887"]
[PlyCount "41"]
[EventDate "2010.04.17"]
[EventType "swiss"]
[EventRounds "8"]
[EventCountry "RUS"]
[SourceTitle "CBM 136 Extra"]
[Source "ChessBase"]
[SourceDate "2010.07.02"]
[SourceVersion "2"]
[SourceVersionDate "2010.07.15"]
[SourceQuality "1"]

1. d4 d5 2. Bf4 Nc6 3. e3 Nf6 4. c4 e6 5. Nc3 Nh5 6. Qxh5 Be7 7. cxd5 Nb4 8. Qd1 exd5 9. Nb5 Na6 10. Nc3 Bf5 11. Bxa6 bxa6 12. Nf3 0-0 13. 0-0 Rb8 14. b3 h6 15. Ne5 Rb6 16. Na4 Rf6 17. Rc1 g5 18. Bg3 Kg7 19. Nc6 Qd7 20. Nxe7 Qxe7 21. Be5 1-0

[Event "Kimry op 51st"]
[Site "Kimry"]
[Date "2010.04.19"]
[Round "6"]
[White "Zarodov, Alexandr"]
[Black "Chernyaev, Vladimir"]
[Result "1-0"]
[WhiteElo "1946"]
[BlackElo "1802"]
[PlyCount "91"]
[EventDate "2010.04.17"]
[EventType "swiss"]
[EventRounds "8"]
[EventCountry "RUS"]
[SourceTitle "CBM 136 Extra"]
[Source "ChessBase"]
[SourceDate "2010.07.02"]
[SourceVersion "2"]
[SourceVersionDate "2010.07.15"]
[SourceQuality "1"]

1. d4 c5 2. dxc5 Qa5+ 3. Nc3 Qxc5 4. Qd5 e6 5. Qxc5 Bxc5 6. Nf3 Nf6 7. Bf4 a6 8. Na4 Ba7 9. e3 Nd5 10. Bd6 b5 11. Nc5 Bxc5 12. Bxc5 Bb7 13. c4 bxc4 14. Bxc4 Nc6 15. Bxd5 exd5 16. 0-0 f6 17. Rac1 Kf7 18. Rc3 Rhc8 19. Rfc1 Ke6 20. Kf1 d6 21. Bd4 Ne5 22. Rc7 Nd3 23. R1c3 Rxc7 24. Rxc7 Bc8 25. Rxg7 a5 26. Rxh7 Ba6 27. Kg1 Rb8 28. Ra7 Bc8 29. b3 Rb5 30. h3 Nc1 31. Rc7 Nxa2 32. Rxc8 Rxb3 33. Ra8 Ra3 34. Ra7 Nb4 35. Bb2 Ra2 36. Nd4+ Ke5 37. Nc6+ Kf5 38. Nxb4 Rxb2 39. Nc6 Rb1+ 40. Kh2 Ke4 41. Rxa5 f5 42. Ra4+ Kd3 43. Kg3 Rb6 44. Nd4 Rb8 45. Ra6 Rg8+ 46. Kf3 1-0

[Event "Kimry-ch"]
[Site "Kimry"]
[Date "2010.01.05"]
[Round "6"]
[White "Kudrin, Vladimir1111"]
[Black "Zarodov, Alexandr"]
[Result "1-0"]
[WhiteElo "1929"]
[BlackElo "1943"]
[PlyCount "139"]
[EventDate "2010.01.02"]
[EventType "swiss"]
[EventRounds "9"]
[EventCountry "RUS"]
[SourceTitle "CBM 134 Extra"]
[Source "ChessBase"]
[SourceDate "2010.03.03"]
[SourceVersion "1"]
[SourceVersionDate "2010.03.03"]
[SourceQuality "1"]

1. e4 e5 2. Nc3 Nc6 3. d3 Bb4 4. Bd2 d6 5. a3 Bxc3 6. Bxc3 Nf6 7. Bd2 Bd7 8. Bg5 h6 9. Bh4 g5 10. Bg3 Qe7 11. h3 0-0-0 12. c4 Nd4 13. Ne2 Ba4 14. Qxa4 a6 15. Nxd4 exd4 16. Be2 Nd7 17. b4 f5 18. f3 fxe4 19. fxe4 Rhf8 20. Rf1 Rf6 21. Bg4 Rdf8 22. Bxd7+ Qxd7 23. Qxd7+ Kxd7 24. Rxf6 Rxf6 25. Bf2 c5 26. Bg3 h5 27. Ke2 b5 28. Rc1 Kc6 29. cxb5+ axb5 30. e5 Re6 31. bxc5 dxc5 32. Rf1 Kd5 33. Rf5 c4 34. Rf6 Re7 35. Rb6 Kc5 36. Rb8 c3 37. Rd8 h4 38. Bh2 Re6 39. Kf3 c2 40. Bg1 b4 41. Bxd4+ Kb5 42. Rd5+ Ka4 43. Rc5 b3 44. Bb2 Re8 45. d4 Rb8 46. Ke2 Rf8 47. e6 Rf4 48. e7 Re4+ 49. Kd2 Rxe7 50. Rc4+ Ka5 51. Rb4 Rf7 52. Rxb3 Rf2+ 53. Kc1 Rxg2 54. d5 g4 55. hxg4 Rxg4 56. Kxc2 Rg5 57. d6 Rd5 58. Rd3 Rxd3 59. Kxd3 Kb6 60. Be5 Kc6 61. a4 h3 62. Bh2 Kd7 63. Kd4 Ke8 64. a5 Kd8 65. a6 Ke8 66. a7 Kd7 67. Kc5 Kc8 68. a8Q+ Kd7 69. Qc6+ Kd8 70. Qc7+ 1-0

[Event "Kimry-ch"]
[Site "Kimry"]
[Date "2010.01.04"]
[Round "5"]
[White "Zarodov, Alexandr"]
[Black "Bik Mukhamedov, Mikhail"]
[Result "1-0"]
[WhiteElo "1943"]
[BlackElo "1910"]
[PlyCount "39"]
[EventDate "2010.01.02"]
[EventType "swiss"]
[EventRounds "9"]
[EventCountry "RUS"]
[SourceTitle "CBM 134 Extra"]
[Source "ChessBase"]
[SourceDate "2010.03.03"]
[SourceVersion "1"]
[SourceVersionDate "2010.03.03"]
[SourceQuality "1"]

1. d4 d5 2. Bf4 c6 3. Nf3 Nd7 4. e3 g6 5. c4 e6 6. cxd5 exd5 7. Be2 Bg7 8. 0-0 Ne7 9. Nc3 0-0 10. Rc1 Re8 11. b4 Nf5 12. b5 Nb6 13. bxc6 bxc6 14. Na4 Nxa4 15. Qxa4 Bd7 16. Qa6 Qb6 17. Rb1 Qxa6 18. Bxa6 Rab8 19. Rxb8 Rxb8 20. Bxb8 1-0

[Event "Kimry op Nov"]
[Site "Kimry"]
[Date "2009.11.28"]
[Round "5"]
[White "Danilov, Alexander"]
[Black "Zarodov, Alexandr"]
[Result "1-0"]
[WhiteElo "1968"]
[BlackElo "1957"]
[PlyCount "53"]
[EventDate "2009.11.21"]
[EventType "swiss"]
[EventRounds "8"]
[EventCountry "RUS"]
[SourceTitle "EXT 2011"]
[Source "ChessBase"]
[SourceDate "2010.11.26"]
[SourceVersion "1"]
[SourceVersionDate "2010.11.26"]
[SourceQuality "1"]

1. d4 d5 2. c4 dxc4 3. e4 Nf6 4. Nc3 e6 5. Bxc4 Be7 6. Nge2 0-0 7. 0-0 b6 8. Bg5 Bb7 9. Ng3 h6 10. Be3 Nbd7 11. f4 c6 12. Qe2 Qc7 13. Rad1 Bb4 14. e5 Nh7 15. Nce4 c5 16. d5 exd5 17. Bxd5 Bxd5 18. Rxd5 Rfd8 19. Nf5 Ndf8 20. Nfd6 Qc6 21. Rfd1 Ne6 22. Qg4 h5 23. Qxh5 Nd4 24. Qxf7+ Kh8 25. Nf5 Rg8 26. Ne7 Rgf8 27. Ng6+ 1-0

[Event "Kimry Spring op 44th"]
[Site "Kimry"]
[Date "2009.04.13"]
[Round "7"]
[White "Zarodov, Alexandr"]
[Black "Doronine, Vladimir"]
[Result "0-1"]
[WhiteElo "1970"]
[BlackElo "1954"]
[PlyCount "202"]
[EventDate "2009.04.13"]
[EventType "swiss"]
[EventRounds "7"]
[EventCountry "RUS"]
[SourceTitle "EXT 2022"]
[Source "ChessBase"]
[SourceDate "2021.10.06"]
[SourceVersion "1"]
[SourceVersionDate "2021.10.06"]
[SourceQuality "1"]

1. d4 Nf6 2. Bf4 g6 3. c4 Bg7 4. Nc3 d6 5. Nf3 0-0 6. Qd2 c5 7. Bh6 cxd4 8. Nxd4 Nc6 9. Bxg7 Kxg7 10. g3 Qb6 11. e3 Nxd4 12. exd4 Bf5 13. Bg2 Rad8 14. d5 Rfe8 15. 0-0 e5 16. Rfe1 Re7 17. h3 Rde8 18. b3 e4 19. Re3 h5 20. Rae1 a6 21. Kf1 Qc5 22. Rc1 Qc8 23. h4 Ng4 24. Qd4+ Kh7 25. Rce1 Nxe3+ 26. Rxe3 Qc5 27. Qxc5 dxc5 28. Na4 Rc7 29. Nc3 Kg7 30. Ke2 Bg4+ 31. Kd2 f5 32. f3 exf3 33. Rxe8 fxg2 34. Re1 Kf7 35. Ne2 Bxe2 36. d6 Rd7 37. Kxe2 Rxd6 38. Rg1 Rd4 39. Rxg2 Kf6 40. Rf2 Ke5 41. Ke3 b5 42. cxb5 axb5 43. Rf4 Rxf4 44. gxf4+ Kd5 45. Kd3 b4 46. Ke3 c4 47. bxc4+ Kxc4 48. Kd2 Kd4 49. Kc2 Ke4 50. Kb3 Kxf4 51. Kxb4 Kg4 52. a4 f4 53. a5 f3 54. a6 f2 55. a7 f1Q 56. a8Q Qf4+ 57. Kc5 Kxh4 58. Qh1+ Kg5 59. Qg2+ Kh6 60. Qe2 h4 61. Qe8 Kh5 62. Kb6 h3 63. Qh8+ Qh6 64. Qe5+ g5+ 65. Ka7 Qh7+ 66. Kb8 Qb1+ 67. Ka7 Qg1+ 68. Ka6 Qf1+ 69. Ka5 Qf4 70. Qe8+ Kh4 71. Qe1+ Kg4 72. Qg1+ Kh5 73. Qd1+ g4 74. Qd7 h2 75. Qh7+ Qh6 76. Qe4 Qg5+ 77. Ka4 Kh4 78. Qh1 g3 79. Qg2 Qf4+ 80. Ka5 Qf2 81. Qe4+ Kh3 82. Qe6+ Kg2 83. Qd5+ Kf1 84. Qh1+ Ke2 85. Qe4+ Kd1 86. Qb1+ Ke2 87. Qe4+ Kd2 88. Qb4+ Kc1 89. Qc3+ Kb1 90. Qb3+ Qb2 91. Qd1+ Ka2 92. Qd5+ Qb3 93. Qd2+ Qb2 94. Qd5+ Ka3 95. Qd6+ Kb3 96. Qd5+ Kc3 97. Qf3+ Kc4 98. Qf1+ Kd5 99. Qf3+ Ke6 100. Qg4+ Kd6 101. Qxg3+ Qe5+ 0-1

[Event "Kimry-ch"]
[Site "Kimry"]
[Date "2009.01.07"]
[Round "9"]
[White "Bik Mukhamedov, Mikhail"]
[Black "Zarodov, Alexandr"]
[Result "0-1"]
[WhiteElo "1911"]
[BlackElo "1957"]
[PlyCount "120"]
[EventDate "2009.01.02"]
[EventType "swiss"]
[EventRounds "9"]
[EventCountry "RUS"]
[SourceTitle "EXT 2010"]
[Source "ChessBase"]
[SourceDate "2010.11.25"]
[SourceVersion "1"]
[SourceVersionDate "2010.11.25"]
[SourceQuality "1"]

1. e4 e5 2. Nf3 Nc6 3. d4 exd4 4. Nxd4 Bc5 5. Nxc6 Qf6 6. Qd2 dxc6 7. Nc3 Be6 8. Qf4 0-0-0 9. Bd3 Bd6 10. Qxf6 Nxf6 11. Bg5 Rhg8 12. 0-0-0 Be5 13. f4 Bxc3 14. bxc3 h6 15. Bxf6 gxf6 16. g3 b5 17. Kb2 Bg4 18. Rde1 Rge8 19. Rhf1 a6 20. a4 Re7 21. Ra1 Kb7 22. Ra3 Rb8 23. Rfa1 Re6 24. axb5 cxb5 25. c4 Rb6 26. cxb5 axb5 27. Ra7+ Kc8 28. Ra8 Bd7 29. Rxb8+ Kxb8 30. Re1 c5 31. e5 c4 32. Bf1 fxe5 33. Rxe5 Re6 34. Rf5 Be8 35. Rh5 Bc6 36. Bh3 Rd6 37. Kc3 Kc7 38. Rf5 Bd5 39. Bg4 Be6 40. Rxb5 Bxg4 41. Rc5+ Rc6 42. Rxc4 Rxc4+ 43. Kxc4 Kd6 44. Kd4 Ke6 45. c3 Kf5 46. Ke3 Bd1 47. c4 Kg4 48. c5 Kh3 49. Ke4 Kxh2 50. g4 Bxg4 51. f5 Kg3 52. c6 Bf3+ 53. Ke5 Bxc6 54. Kf6 h5 55. Kxf7 h4 56. Ke6 Ba4 57. f6 Bb3+ 58. Ke7 h3 59. f7 Bxf7 60. Kxf7 h2 0-1

[Event "Kimry-ch"]
[Site "Kimry"]
[Date "2009.01.05"]
[Round "7"]
[White "Zarodov, Alexandr"]
[Black "Lashkov, Vladimir"]
[Result "0-1"]
[WhiteElo "1957"]
[BlackElo "1979"]
[PlyCount "118"]
[EventDate "2009.01.02"]
[EventType "swiss"]
[EventRounds "9"]
[EventCountry "RUS"]
[SourceTitle "EXT 2010"]
[Source "ChessBase"]
[SourceDate "2010.11.25"]
[SourceVersion "1"]
[SourceVersionDate "2010.11.25"]
[SourceQuality "1"]

1. d4 g6 2. c4 Bg7 3. Nc3 d6 4. e3 a6 5. b3 c5 6. Bb2 cxd4 7. exd4 Nc6 8. Nge2 Bg4 9. Nd5 e6 10. Ne3 Bxe2 11. Bxe2 Qa5+ 12. Kf1 Rd8 13. g3 Nge7 14. Kg2 d5 15. Qe1 Qxe1 16. Rhxe1 Bxd4 17. Bxd4 Nxd4 18. cxd5 Nxd5 19. Nxd5 Rxd5 20. Bc4 Rd8 21. Rad1 Ke7 22. Rd2 b5 23. Bf1 Nc6 24. Red1 Rxd2 25. Rxd2 Rd8 26. Rxd8 Kxd8 27. a4 bxa4 28. bxa4 a5 29. Kh3 Ne5 30. Be2 Nd7 31. f4 Nc5 32. Bd1 Ke7 33. g4 Kd6 34. Bc2 Kd5 35. f5 e5 36. fxg6 fxg6 37. Kg3 Ne4+ 38. Kg2 Kd4 39. h4 Ke3 40. g5 Nc5 41. h5 e4 42. hxg6 hxg6 43. Bd1 Kf4 44. Kf2 Kxg5 45. Ke3 Kf5 46. Bc2 Ke5 47. Bd1 Nd3 48. Bg4 g5 49. Bd7 Nb2 50. Bc6 Nc4+ 51. Kf2 Kf4 52. Bb5 e3+ 53. Ke2 Nd2 54. Bc6 g4 55. Bb7 g3 56. Bd5 Ne4 57. Bc6 g2 58. Bb7 g1Q 59. Bxe4 Qf2+ 0-1

[Event "Kimry Autumn op 40th"]
[Site "Kimry"]
[Date "2008.09.06"]
[Round "5"]
[White "Zarodov, Alexandr"]
[Black "Krasnikov, Alexandr"]
[Result "1/2-1/2"]
[WhiteElo "1943"]
[BlackElo "1979"]
[PlyCount "73"]
[EventDate "2008.08.31"]
[EventType "swiss"]
[EventRounds "7"]
[EventCountry "RUS"]
[SourceTitle "EXT 2022"]
[Source "ChessBase"]
[SourceDate "2021.10.06"]
[SourceVersion "1"]
[SourceVersionDate "2021.10.06"]
[SourceQuality "1"]

1. d4 d5 2. c4 c6 3. e3 g6 4. Nc3 Nf6 5. Nf3 Bg7 6. Be2 0-0 7. Bd2 b6 8. b4 Bb7 9. c5 b5 10. a4 a6 11. axb5 axb5 12. Rxa8 Bxa8 13. 0-0 Na6 14. Qb3 Bb7 15. Ra1 Qc7 16. Bd3 Nd7 17. Ne2 e5 18. dxe5 Nxe5 19. Nfd4 Nxd3 20. Qxd3 Ra8 21. Qb3 Bf8 22. Ra2 Qc8 23. Bc3 Bg7 24. Nf3 Bxc3 25. Nxc3 Nc7 26. Nd4 Ne6 27. Nce2 Rxa2 28. Qxa2 Qa8 29. Qxa8+ Bxa8 30. f4 Kg7 31. g4 Bb7 32. h3 Nd8 33. Ng3 Bc8 34. Kg2 Bd7 35. Nge2 Kf6 36. Kg3 h6 37. Nf3 1/2-1/2

[Event "Kimry Rating op 38th"]
[Site "Kimry"]
[Date "2008.04.25"]
[Round "6"]
[White "Asrian, Armen"]
[Black "Zarodov, Alexandr"]
[Result "1-0"]
[WhiteElo "2137"]
[BlackElo "1925"]
[PlyCount "113"]
[EventDate "2008.04.20"]
[EventType "swiss"]
[EventRounds "7"]
[EventCountry "RUS"]
[SourceTitle "EXT 2022"]
[Source "ChessBase"]
[SourceDate "2021.10.06"]
[SourceVersion "1"]
[SourceVersionDate "2021.10.06"]
[SourceQuality "1"]

1. e4 e5 2. Nf3 Nc6 3. Bb5 a6 4. Ba4 b5 5. Bb3 h6 6. 0-0 Nf6 7. Re1 Bb7 8. c3 Be7 9. d4 d6 10. Nbd2 Nd7 11. a4 f6 12. Nh4 h5 13. Nf1 Nf8 14. axb5 axb5 15. Rxa8 Qxa8 16. Qd3 Ba6 17. Qg3 g5 18. Nf5 Kd8 19. Bd5 Bb7 20. h4 Nh7 21. hxg5 Nxg5 22. Bxg5 fxg5 23. Nxe7 Nxe7 24. Bxb7 Qxb7 25. Qxg5 b4 26. Qf6 Rh7 27. dxe5 bxc3 28. bxc3 Kd7 29. exd6 cxd6 30. Rd1 Qc6 31. Ne3 Kc7 32. e5 d5 33. Qf3 d4 34. cxd4 Qxf3 35. gxf3 Kd7 36. f4 Rf7 37. f5 Nxf5 38. Nxf5 Rxf5 39. Kf1 Ke6 40. Ke2 h4 41. Rh1 Rh5 42. Rh3 Kd5 43. Ke3 Ke6 44. Ke4 Rh8 45. f4 Rh5 46. f5+ Ke7 47. d5 Rh8 48. d6+ Kd7 49. Kd5 Ra8 50. e6+ Kc8 51. Rc3+ Kd8 52. e7+ Kd7 53. Rc7+ Ke8 54. Ke6 Rd8 55. d7+ Rxd7 56. Rxd7 h3 57. Rd8# 1-0

[Event "Kimry Rating op 38th"]
[Site "Kimry"]
[Date "2008.04.21"]
[Round "2"]
[White "Zarodov, Alexandr"]
[Black "Ulianov, Sergey"]
[Result "0-1"]
[WhiteElo "1925"]
[BlackElo "2014"]
[PlyCount "114"]
[EventDate "2008.04.20"]
[EventType "swiss"]
[EventRounds "7"]
[EventCountry "RUS"]
[SourceTitle "EXT 2022"]
[Source "ChessBase"]
[SourceDate "2021.10.06"]
[SourceVersion "1"]
[SourceVersionDate "2021.10.06"]
[SourceQuality "1"]

1. d4 d5 2. c4 e6 3. Nc3 Nf6 4. Bg5 c5 5. e3 cxd4 6. exd4 Be7 7. Nf3 0-0 8. Be2 dxc4 9. Bxc4 Bd7 10. 0-0 h6 11. Bxf6 Bxf6 12. Ne5 Qc7 13. Nxd7 Nxd7 14. Bb3 Nb6 15. Rc1 Qf4 16. d5 Rad8 17. Qh5 Bxc3 18. Rxc3 Nxd5 19. Rg3 Nf6 20. Qa5 a6 21. Qb6 Rd7 22. h3 Rfd8 23. Bc2 Qd2 24. Ba4 Rd4 25. Bb3 Qxb2 26. Qxb7 a5 27. Qf3 Rd3 28. Qxd3 Rxd3 29. Rxd3 Ne4 30. Rd8+ Kh7 31. Rc8 Nc3 32. Ra8 Nxa2 33. Ba4 Qb6 34. Be8 f6 35. h4 g6 36. Rd1 h5 37. Rd7+ Kh6 38. Rda7 Qb1+ 39. Kh2 Qf5 40. Ba4 Qf4+ 41. Kh3 Qg4+ 42. Kh2 Qxh4+ 43. Kg1 Qxa4 44. Rxa5 Qd1+ 45. Kh2 Nc3 46. R5a7 e5 47. Ra1 Qg4 48. Rh8+ Kg5 49. Rha8 Ne2 50. R8a3 Qh4+ 51. Rh3 Qxf2 52. Rb1 Kh6 53. Kh1 g5 54. Rf3 Qh4+ 55. Rh3 Qg4 56. Rh2 Ng3+ 57. Kg1 Qd4# 0-1

[Event "Kimry op"]
[Site "Kimry"]
[Date "2008.01.29"]
[Round "8"]
[White "Doronine, Vladimir"]
[Black "Zarodov, Alexandr"]
[Result "0-1"]
[WhiteElo "1923"]
[BlackElo "1925"]
[PlyCount "102"]
[EventDate "2008.01.26"]
[EventType "swiss"]
[EventRounds "9"]
[EventCountry "RUS"]
[SourceTitle "EXT 2011"]
[Source "ChessBase"]
[SourceDate "2010.11.26"]
[SourceVersion "1"]
[SourceVersionDate "2010.11.26"]
[SourceQuality "1"]

1. e4 e5 2. Nf3 Nc6 3. Bc4 Nf6 4. Nc3 Nxe4 5. Nxe4 d5 6. Bxd5 Qxd5 7. Nc3 Qa5 8. 0-0 Be6 9. a3 0-0-0 10. h3 Kb8 11. d3 f5 12. Bd2 Qa6 13. b4 b5 14. a4 Nxb4 15. axb5 Qd6 16. Be3 c5 17. bxc6 Nxc6 18. Qb1+ Qb4 19. Qxb4+ Bxb4 20. Rfb1 a5 21. Na2 Bxa2 22. Rxa2 Kc7 23. c3 f4 24. Bd2 Bd6 25. c4 Bb4 26. Bxb4 axb4 27. Rd2 Rhe8 28. Ng5 h6 29. Ne4 Rb8 30. Nc5 Rb6 31. Nb3 Nd4 32. Nxd4 exd4 33. Rdb2 Reb8 34. Re1 g5 35. Re5 b3 36. Rc5+ Kb7 37. Rd5 Ra8 38. Re5 Ra2 39. Ree2 Rxb2 40. Rxb2 Kc6 41. Kf1 Kc5 42. Ke2 Kb4 43. Kd2 Ka3 44. Kc1 h5 45. Re2 Kb4 46. Re5 Kc3 47. Ra5 Re6 48. Kd1 b2 49. Rb5 Ra6 50. Ke2 Ra1 51. c5 b1Q 0-1

[Event "Kimry op"]
[Site "Kimry"]
[Date "2008.01.28"]
[Round "6"]
[White "Borzov, Vladimir"]
[Black "Zarodov, Alexandr"]
[Result "1-0"]
[WhiteElo "2060"]
[BlackElo "1925"]
[PlyCount "97"]
[EventDate "2008.01.26"]
[EventType "swiss"]
[EventRounds "9"]
[EventCountry "RUS"]
[SourceTitle "EXT 2011"]
[Source "ChessBase"]
[SourceDate "2010.11.26"]
[SourceVersion "1"]
[SourceVersionDate "2010.11.26"]
[SourceQuality "1"]

1. Nf3 d5 2. a4 c5 3. e4 dxe4 4. Ng5 f5 5. Bb5+ Nc6 6. d3 exd3 7. 0-0 h6 8. Qh5+ g6 9. Qxg6+ Kd7 10. Nf7 Qe8 11. Ne5+ Kd8 12. Bxc6 bxc6 13. Nf7+ Kd7 14. Nxh8 Qxg6 15. Nxg6 dxc2 16. Nxf8+ Ke8 17. Ng6 cxb1Q 18. Rxb1 Rb8 19. Be3 c4 20. Bc5 Nf6 21. Nxe7 Ne4 22. Nxc8 Nxc5 23. Nd6+ Kd7 24. Nxc4 Nxa4 25. Rbd1+ Kc7 26. Rfe1 Kb7 27. Re2 Ka6 28. Re5 c5 29. Rxf5 Kb5 30. Rf4 a5 31. h4 Nb6 32. Na3+ Ka6 33. Rd6 a4 34. Rxa4+ Kb7 35. Rf4 Ra8 36. Rf7+ Ka6 37. Nc4 Kb5 38. Nxb6 Ra1+ 39. Kh2 Kb4 40. Nd5+ Kb3 41. Rb7+ Kc2 42. Ne3+ Kb1 43. Rd1+ Ka2 44. Ra7+ Kxb2 45. Raxa1 h5 46. Rdc1 c4 47. Nxc4+ Kb3 48. Rab1+ Ka2 49. Rb2# 1-0

[Event "Kimry op"]
[Site "Kimry"]
[Date "2008.01.27"]
[Round "4"]
[White "Zarodov, Alexandr"]
[Black "Asrian, Armen"]
[Result "0-1"]
[WhiteElo "1925"]
[BlackElo "2137"]
[PlyCount "118"]
[EventDate "2008.01.26"]
[EventType "swiss"]
[EventRounds "9"]
[EventCountry "RUS"]
[SourceTitle "EXT 2011"]
[Source "ChessBase"]
[SourceDate "2010.11.26"]
[SourceVersion "1"]
[SourceVersionDate "2010.11.26"]
[SourceQuality "1"]

1. d4 Nf6 2. c4 c6 3. Nc3 d5 4. e3 g6 5. Nf3 Bg7 6. b3 0-0 7. Ba3 Re8 8. Bd3 Ne4 9. Nxe4 dxe4 10. Bxe4 Qa5+ 11. Qd2 Qxa3 12. 0-0 Nd7 13. Rad1 Nf6 14. Bd3 Bg4 15. Be2 Bxf3 16. Bxf3 Rad8 17. Qc2 e6 18. Rd3 Qe7 19. c5 e5 20. Rd2 exd4 21. exd4 Nd5 22. Re2 Qd7 23. Rxe8+ Rxe8 24. Rd1 Bxd4 25. Qc4 Bg7 26. g3 Qf5 27. Bxd5 cxd5 28. Qxd5 Re1+ 29. Kg2 Rxd1 30. Qxd1 Qxc5 31. Qd8+ Bf8 32. Qd7 Qc6+ 33. Qxc6 bxc6 34. Kf3 f6 35. Ke4 Kf7 36. f4 Ke6 37. Kf3 Kd5 38. Ke3 Bc5+ 39. Kd3 Bg1 40. h3 Bh2 41. g4 Bxf4 42. a3 c5 43. a4 a5 44. h4 h5 45. gxh5 gxh5 46. Ke2 Bg3 47. Kf3 Bxh4 48. Kf4 Bg5+ 49. Kf3 Kd4 50. b4 cxb4 51. Ke2 h4 52. Ke1 b3 53. Kd1 Kd3 54. Ke1 b2 55. Kf2 b1Q 56. Kf3 Qd1+ 57. Kf2 Qxa4 58. Ke1 Qf4 59. Kd1 Qf1# 0-1